00727 2200181 4500001002100000005001500021035002000036245007600056100001500132250001700147300002800164260003900192082001000231084001600241020002200257650002800279520023800307INLIS00000000000075020241019083842 a0010-10240000431 aEnsiklopedia Matematika 3 :bTokoh Awal Matematika Yunani /cTri Rahayu0 aTri Rahayu aCetakan ke-1 a56 hlm :bIlus ;c25 cm aBekasi :bUranus publishing,c2011 a510.3 a510.3 TRI e a978-602-8637-46-6 4aEnsiklopedia matematika aMatematika ternyata tak sesulit dan menakutkan, disini kalian akan mengenal matematika secara lengkap. Mulai dari seri sejarah matematika Kuno, tokoh-tokoh matematika, pengukuran, dan juga apapun tentang matematika yang menyenangkan.